000 004340000a22001810004500
003 MACL
005 20151028130209.0
008 151028b xxu||||| |||| 00| 0 eng d
040 _aMACL
_cMACL
041 _aEnglish
082 _a294/AKH
100 _aAkhtar, Saud
_917133
245 _aGreat Saint Of India
260 _aNew Delhi
_bRishabh Books
_c2012
350 _a490
650 _aReligion
_917134
942 _cBK
_k294/AKH
_2ddc
999 _c49300
_d49300